[Event "XIII - WC Individual Men"]
[Site "Malente GER"]
[Date "2004.07.31"]
[Round "8.11"]
[White "Hoffmann R. (GER)"]
[Black "Pushkarev G.P. (KAZ)"]
[Result "1-0"]
[WhiteElo "2139"]
[BlackElo "1805"]
[PlyCount "83"]
[EventDate "2004.??.??"]
[EventType "swiss"]
[EventRounds "11"]
[EventCountry "GER"]

1. d4 Nf6 2. c4 g6 3. Nc3 Bg7 4. e4 d6 5. Nf3 O-O 6. Be2 Nc6 7. O-O e5 8. d5
Ne7 9. b4 Nh5 10. Re1 f5 11. Ng5 Nf4 12. Bxf4 exf4 13. Rc1 h6 14. Ne6 Bxe6 15.
dxe6 Be5 16. Bf3 c6 17. Qb3 fxe4 18. Nxe4 b6 19. Rcd1 Qc7 20. Nc3 Rad8 21. a4
Nf5 22. b5 c5 23. Nd5 Qg7 24. Be4 Rde8 25. Qh3 Kh7 26. Bxf5 Rxf5 27. e7 Qf7 28.
Re4 g5 29. Rde1 g4 30. Qd3 Kg7 31. g3 h5 32. gxf4 Bd4 33. Rxd4 cxd4 34. Qxd4+
Kg6 35. Re4 h4 36. Qe3 Kh7 37. Re6 Qg7 38. Qe1 g3 39. fxg3 hxg3 40. hxg3 Qd4+
41. Kg2 Rxd5 42. Qh1+ 1-0

[Event "XIII - WC Individual Men"]
[Site "Malente GER"]
[Date "2004.07.31"]
[Round "8.11"]
[White "Bokros I. (HUN)"]
[Black "Peshev T. (BUL)"]
[Result "1-0"]
[WhiteElo "2130"]
[BlackElo "1840"]
[PlyCount "131"]
[EventDate "2004.??.??"]
[EventType "swiss"]
[EventRounds "11"]
[EventCountry "GER"]

1. e4 c5 2. Nf3 Nc6 3. d4 cxd4 4. Nxd4 d6 5. Nc3 Bd7 6. Be3 g6 7. Bc4 Bg7 8.
Qd2 a6 9. O-O-O b5 10. Bb3 Nf6 11. f3 Na5 12. Bh6 O-O 13. h4 b4 14. Bxg7 Nxb3+
15. Nxb3 Kxg7 16. Nd5 Nxd5 17. exd5 a5 18. h5 g5 19. Qxg5+ Kh8 20. Rhe1 e5 21.
Qxd8 Rfxd8 22. Nd2 Rac8 23. Ne4 Bf5 24. g4 Bxe4 25. Rxe4 f5 26. gxf5 Rf8 27. f4
Rxf5 28. fxe5 Rf2 29. c4 bxc3 30. bxc3 Rxc3+ 31. Kb1 Rcc2 32. Ra4 Rb2+ 33. Ka1
Rbd2 34. Rxd2 Rxd2 35. exd6 Rxd5 36. d7 Kg7 37. Rxa5 Rxd7 38. Ra6 h6 39. Ra5
Rb7 40. a4 Rb4 41. Ka2 Kf6 42. Ka3 Rg4 43. Ra6+ Kf7 44. Rxh6 Rh4 45. a5 Rh1 46.
Kb4 Kg7 47. Rg6+ Kf7 48. Rg5 Kf6 49. Rc5 Rb1+ 50. Kc4 Ke6 51. Rc6+ Kd7 52. Rb6
Rc1+ 53. Kd4 Kc7 54. Rb5 Kc6 55. Rb6+ Kc7 56. Rg6 Ra1 57. a6 Kb8 58. Re6 Ka7
59. h6 Rh1 60. Ke5 Rf1 61. Rf6 Ra1 62. Kf5 Rg1 63. Rf7+ Ka8 64. Rg7 Rf1+ 65.
Ke4 Re1+ 66. Kd3 1-0

[Event "XIII - WC Individual Men"]
[Site "Malente GER"]
[Date "2004.07.31"]
[Round "8.11"]
[White "Smatoc M. (ROU)"]
[Black "Checiak K. (POL)"]
[Result "1/2-1/2"]
[WhiteElo "2090"]
[BlackElo "2117"]
[PlyCount "145"]
[EventDate "2004.??.??"]
[EventType "swiss"]
[EventRounds "11"]
[EventCountry "GER"]

1. c4 e5 2. Nc3 Nf6 3. g3 d5 4. cxd5 Nxd5 5. Bg2 Nb6 6. d3 Be7 7. a3 O-O 8. Nf3
Nc6 9. Be3 Be6 10. O-O Nd5 11. Nxd5 Bxd5 12. Rc1 Re8 13. Bc5 Bf6 14. e4 Be6 15.
Qc2 Qd7 16. Ne1 Rac8 17. b4 Red8 18. Kh1 Bh3 19. f4 Bxg2+ 20. Qxg2 Nd4 21. fxe5
Bxe5 22. Nf3 Nxf3 23. Rxf3 Bd4 24. Qf1 f6 25. Rc4 Bxc5 26. Rxc5 Qe6 27. Rcf5 h6
28. Qb1 Rd7 29. Qc2 Re8 30. Rc5 Qe7 31. Kg2 c6 32. Rc3 Kh8 33. Qb3 Red8 34. Qc4
a6 35. Qc5 Qe6 36. Qf2 Qe8 37. h3 Qg6 38. Re3 Qh5 39. Rf3 Qe5 40. Qc5 Qe6 41.
Qf2 Rd4 42. g4 Qd6 43. Qg3 Qe7 44. Re3 Qf7 45. Qf2 Qe6 46. Rf3 Qe7 47. Qg3 R8d7
48. Qb8+ Kh7 49. Qg3 R7d6 50. Re3 Qd8 51. Qf3 Kh8 52. Qe2 Re6 53. Qa2 Re5 54.
Qb3 Rd7 55. Rc5 Re8 56. Rf5 Rde7 57. Qc3 Qd6 58. Ref3 Qe6 59. h4 Kh7 60. g5
fxg5 61. hxg5 Rg8 62. Rg3 Ree8 63. g6+ Kh8 64. Rh5 Rgf8 65. Rxh6+ Kg8 66. Rh2
Rf6 67. Qc4 Qxc4 68. dxc4 Rxe4 69. Rh5 Rxc4 70. Re5 Kf8 71. Rh5 Rff4 72. Rh8+
Ke7 73. Rg8 1/2-1/2

[Event "XIII - WC Individual Men"]
[Site "Malente GER"]
[Date "2004.07.31"]
[Round "8.11"]
[White "Schmid J. (CZE)"]
[Black "Patackas J.P. (LTU)"]
[Result "1-0"]
[WhiteElo "2083"]
[BlackElo "1830"]
[PlyCount "81"]
[EventDate "2004.??.??"]
[EventType "swiss"]
[EventRounds "11"]
[EventCountry "GER"]

1. e4 e5 2. Nf3 Nc6 3. Bb5 a6 4. Ba4 Nf6 5. O-O Be7 6. Re1 b5 7. Bb3 d6 8. c3
Na5 9. Bc2 c5 10. d3 Nc6 11. Nbd2 O-O 12. h3 Ne8 13. a4 b4 14. Nf1 g6 15. Bh6
Ng7 16. Qd2 Re8 17. Rac1 Rb8 18. Ne3 b3 19. Bb1 Qa5 20. Nd5 f6 21. Be3 Qxa4 22.
d4 c4 23. Bh6 Bd8 24. Nh2 Qa5 25. dxe5 dxe5 26. Qe2 Qb5 27. Ng4 Bxg4 28. Qxg4
Rb7 29. Rcd1 Ne6 30. Ne3 Kf7 31. Rd6 Bc7 32. Rd7+ Re7 33. Rd5 Qa4 34. Red1 Bb6
35. Nf5 gxf5 36. exf5 Ng5 37. h4 e4 38. hxg5 Ne5 39. Qh5+ Ng6 40. gxf6 Red7 41.
Bxe4 1-0

[Event "XIII - WC Individual Men"]
[Site "Malente GER"]
[Date "2004.07.31"]
[Round "8.11"]
[White "Gardner P.K. (ENG)"]
[Black "Guy D. (WLS)"]
[Result "1/2-1/2"]
[WhiteElo "1830"]
[BlackElo "2010"]
[PlyCount "52"]
[EventDate "2004.??.??"]
[EventType "swiss"]
[EventRounds "11"]
[EventCountry "GER"]

1. e4 c5 2. b3 Nf6 3. e5 Nd5 4. c4 Nc7 5. Bb2 d5 6. cxd5 Qxd5 7. Nf3 Bg4 8. Be2
e6 9. O-O Be7 10. Nc3 Qd7 11. d4 cxd4 12. Nxd4 Bxe2 13. Ncxe2 O-O 14. Qc2 Nba6
15. Rad1 Nd5 16. Qe4 Nc5 17. Qg4 a5 18. Ng3 f5 19. exf6 Nxf6 20. Qe2 Rfe8 21.
Ndf5 Qc6 22. Nxe7+ Rxe7 23. Nf5 Rf7 24. Bxf6 exf5 25. Rd8+ Rf8 26. Qc4+ Ne6
1/2-1/2

[Event "XIII - WC Individual Men"]
[Site "Malente GER"]
[Date "2004.07.31"]
[Round "8.11"]
[White "Bairamov A. (TKM)"]
[Black "Stoklasa J. (CZE)"]
[Result "0-1"]
[WhiteElo "1805"]
[BlackElo "1805"]
[PlyCount "104"]
[EventDate "2004.??.??"]
[EventType "swiss"]
[EventRounds "11"]
[EventCountry "GER"]

1. d4 Nf6 2. Nf3 d5 3. Bg5 e6 4. e3 Be7 5. Bd3 Nbd7 6. Nbd2 O-O 7. O-O b6 8. c3
Bb7 9. Rc1 c5 10. Bb1 Ne4 11. Bxe7 Qxe7 12. c4 f5 13. cxd5 exd5 14. Re1 c4 15.
Nf1 Rac8 16. N3d2 b5 17. f3 Nd6 18. Qe2 Qf6 19. Qf2 Nb6 20. Ng3 a5 21. Nh5 Qf7
22. Nf4 b4 23. Ne2 Nb5 24. Qh4 Rce8 25. Nf1 g6 26. Rc2 Re7 27. Nc1 Rfe8 28.
Rce2 Nc8 29. Qg3 Qf6 30. Bc2 Ncd6 31. Qf2 Kf7 32. h3 Ba6 33. Rd2 f4 34. Rde2
fxe3 35. Rxe3 Rxe3 36. Rxe3 Rxe3 37. Qxe3 Qxd4 38. Ne2 Qxe3+ 39. Nxe3 d4 40.
Ng4 d3 41. Ne5+ Ke6 42. Nxd3 cxd3 43. Bxd3 Nc7 44. Bxa6 Nxa6 45. Kf2 a4 46. b3
a3 47. h4 Nc5 48. Ke3 Nf5+ 49. Kf4 Nxb3 50. g4 Nfd4 51. Nxd4+ Nxd4 52. Ke4 Nb5
0-1

[Event "XIII - WC Individual Men"]
[Site "Malente GER"]
[Date "2004.07.31"]
[Round "8.11"]
[White "Màtè B. (HUN)"]
[Black "Carmichael I. (SCO)"]
[Result "1-0"]
[WhiteElo "2182"]
[BlackElo "1805"]
[PlyCount "21"]
[EventDate "2004.??.??"]
[EventType "swiss"]
[EventRounds "11"]
[EventCountry "GER"]

1. d4 f5 2. Nf3 g6 3. h4 Nf6 4. h5 Nxh5 5. Rxh5 gxh5 6. e4 d6 7. Ng5 Rg8 8.
Qxh5+ Kd7 9. Bc4 Rg6 10. Nxh7 Rg7 11. Qxf5+ 1-0

[Event "XIII - WC Individual Men"]
[Site "Malente GER"]
[Date "2004.07.31"]
[Round "8.11"]
[White "Kluss E. (LAT)"]
[Black "Gardarsson H. (ISL)"]
[Result "0-1"]
[WhiteElo "1805"]
[BlackElo "1984"]
[PlyCount "70"]
[EventDate "2004.??.??"]
[EventType "swiss"]
[EventRounds "11"]
[EventCountry "GER"]

1. d4 Nf6 2. c4 c5 3. d5 e6 4. dxe6 fxe6 5. Nc3 Be7 6. Nf3 Nc6 7. g3 O-O 8. Bg2
d6 9. O-O a6 10. a3 Qe8 11. Re1 Qh5 12. h3 e5 13. g4 Qf7 14. b3 h6 15. e4 Nd4
16. Rf1 Nxe4 17. Nxd4 Nxc3 18. Qd3 cxd4 19. Bd2 h5 20. gxh5 Qxh5 21. Bxc3 dxc3
22. Qxc3 Rf6 23. Rad1 Bd7 24. Rd3 Bc6 25. Rg3 Raf8 26. Qd3 Qh4 27. Rg4 Qh7 28.
Qe3 Bxg2 29. Kxg2 Rf3 30. Qe4 Qxh3+ 31. Kg1 R3f4 32. Qd5+ Kh8 33. Rg3 Rg4 34.
Rxg4 Qxg4+ 35. Kh2 Rf3 0-1

[Event "XIII - WC Individual Men"]
[Site "Malente GER"]
[Date "2004.07.31"]
[Round "8.11"]
[White "Wagner P. (SUI)"]
[Black "Frajka P. (SVK) "]
[Result "1-0"]
[WhiteElo "1810"]
[BlackElo "1805"]
[PlyCount "135"]
[EventDate "2004.??.??"]
[EventType "swiss"]
[EventRounds "11"]
[EventCountry "GER"]

1. e4 c5 2. Nf3 Nc6 3. d4 cxd4 4. Nxd4 Nf6 5. Nc3 d6 6. Bc4 g6 7. f3 Bg7 8. Be3
O-O 9. Qd2 a6 10. O-O-O Qc7 11. Bb3 Na5 12. Kb1 Nc4 13. Bxc4 Qxc4 14. Bh6 Bd7
15. h4 b5 16. h5 Rac8 17. hxg6 fxg6 18. Bxg7 Kxg7 19. Qh6+ Kg8 20. Nd5 Rf7 21.
Nb6 Qc5 22. Nxc8 Bxc8 23. Ne2 e5 24. Qd2 Rd7 25. Nc3 Bb7 26. Qg5 Rf7 27. Rd2 b4
28. Ne2 Qb6 29. Rhd1 Ne8 30. Ng3 Bc8 31. Nf1 Be6 32. Ne3 a5 33. Nd5 Qb8 34. Rd3
Kg7 35. Rh1 Kg8 36. Ne7+ Kf8 37. Nc6 Qc7 38. Nd8 Re7 39. Nxe6+ Rxe6 40. Qh6+
Kg8 41. Qd2 Qb6 42. Rd1 Kf7 43. Rb3 Re7 44. c3 Rb7 45. cxb4 a4 46. Ra3 Qa6 47.
b3 Qb6 48. Rxa4 Rd7 49. Ra5 Nf6 50. a4 Ke7 51. Rb5 Qc6 52. Rc1 Qa6 53. Qc3 Ne8
54. Qc6 Qa7 55. Qb6 Qa8 56. Ra5 Qd8 57. Qxd8+ Kxd8 58. Rc6 Nc7 59. Ra7 d5 60.
exd5 Nxd5 61. Rxd7+ Kxd7 62. Ra6 Nxb4 63. Ra7+ Ke6 64. Rxh7 Nd3 65. a5 Nb4 66.
Kb2 Kf6 67. Ka3 Nc6 68. b4 1-0

[Event "XIII - WC Individual Men"]
[Site "Malente GER"]
[Date "2004.08.02"]
[Round "9.11"]
[White "Nauryzgaliev A. (KAZ)"]
[Black "Georgiev V. (BUL)"]
[Result "0-1"]
[WhiteElo "2060"]
[BlackElo "2332"]
[PlyCount "82"]
[EventDate "2004.??.??"]
[EventType "swiss"]
[EventRounds "11"]
[EventCountry "GER"]

1. e4 c5 2. Nf3 e6 3. d4 cxd4 4. Nxd4 Nc6 5. Be3 Qc7 6. Nb5 Qb8 7. c4 Nf6 8.
N5c3 b6 9. g3 Bb7 10. Bg2 Be7 11. O-O Ne5 12. b3 d6 13. h3 O-O 14. f4 Ned7 15.
Nd2 a6 16. a3 Rc8 17. Qe2 b5 18. Rfc1 bxc4 19. Nxc4 Nc5 20. Nb6 Nxb3 21. Nxc8
Qxc8 22. Nd5 Qf8 23. Nb6 Nxc1 24. Rxc1 Nxe4 25. Nxa8 Qxa8 26. Kh2 h6 27. Qb2
Bd5 28. Rc7 Bf8 29. Qb6 Nc5 30. Ra7 Qe8 31. Bxc5 dxc5 32. Qxa6 c4 33. Qb6 Kh7
34. a4 f5 35. Bf1 Qh5 36. Qe3 Qd1 37. Qe2 Qd4 38. Rc7 Bc5 39. Rxc5 Qxc5 40. Bg2
c3 41. Qc2 Bb3 0-1

[Event "XIII - WC Individual Men"]
[Site "Malente GER"]
[Date "2004.08.02"]
[Round "9.11"]
[White "Vujcic T. (CRO)"]
[Black "Kovalenko V.N. (UKR)"]
[Result "1/2-1/2"]
[WhiteElo "2128"]
[BlackElo "2263"]
[PlyCount "38"]
[EventDate "2004.??.??"]
[EventType "swiss"]
[EventRounds "11"]
[EventCountry "GER"]

1. e4 c5 2. Nf3 Nc6 3. d4 cxd4 4. Nxd4 g6 5. c4 Nf6 6. Nc3 d6 7. Be2 Nxd4 8.
Qxd4 Bg7 9. Be3 O-O 10. Qd2 Be6 11. f3 Qa5 12. Rc1 Rfc8 13. b3 a6 14. Nd5 Qxd2+
15. Kxd2 Nxd5 16. cxd5 Bd7 17. Rxc8+ Rxc8 18. Rc1 Rxc1 19. Kxc1 f5 1/2-1/2

[Event "XIII - WC Individual Men"]
[Site "Malente GER"]
[Date "2004.08.02"]
[Round "9.11"]
[White "Salov S. (RUS)"]
[Black "Schmid J. (CZE)"]
[Result "1-0"]
[WhiteElo "2291"]
[BlackElo "2083"]
[PlyCount "67"]
[EventDate "2004.??.??"]
[EventType "swiss"]
[EventRounds "11"]
[EventCountry "GER"]

1. e4 c5 2. Nf3 d6 3. d4 cxd4 4. Nxd4 Nf6 5. Nc3 a6 6. Bg5 e6 7. f4 Qb6 8. Nb3
Qe3+ 9. Qe2 Qxe2+ 10. Bxe2 Nbd7 11. Bf3 Be7 12. O-O-O O-O 13. Rhe1 Rb8 14. Nd4
Re8 15. Re2 Nb6 16. Kb1 Bd7 17. b3 Rbc8 18. Kb2 Bc6 19. Nxc6 bxc6 20. e5 dxe5
21. fxe5 Nfd5 22. Bxe7 Nc4+ 23. bxc4 Rb8+ 24. Bb4 Rxb4+ 25. Ka3 Nxc3 26. Kxb4
Nxd1 27. Bxc6 Rb8+ 28. Kc5 Nc3 29. Re3 Nxa2 30. Rb3 Rd8 31. Bd7 Kf8 32. Kd6 g5
33. c5 Nc1 34. Re3 1-0

[Event "XIII - WC Individual Men"]
[Site "Malente GER"]
[Date "2004.08.02"]
[Round "9.11"]
[White "Anarkulov A. (UZB)"]
[Black "Bokros I. (HUN)"]
[Result "0-1"]
[WhiteElo "2166"]
[BlackElo "2130"]
[PlyCount "74"]
[EventDate "2004.??.??"]
[EventType "swiss"]
[EventRounds "11"]
[EventCountry "GER"]

1. e4 c5 2. Nf3 d6 3. d4 Nf6 4. Nc3 cxd4 5. Nxd4 g6 6. f4 Nc6 7. Be2 Bg7 8. Be3
O-O 9. O-O Qb6 10. Kh1 Qxb2 11. Nb3 Ng4 12. Bd2 Ne3 13. Bxe3 Qxc3 14. Rf3 Qb4
15. Rb1 Qxe4 16. Bd3 Qd5 17. c4 Qh5 18. Qc2 Nb4 19. Qd2 Nxd3 20. Qxd3 Bf5 21.
Qd1 Bxb1 22. Qxb1 Qf5 23. Qd1 Rfc8 24. Qe2 Qb1+ 25. Rf1 Qb2 26. Nd2 d5 27. cxd5
Rc1 28. Rxc1 Qxc1+ 29. Nf1 Qb2 30. Qc4 Qc3 31. Qe4 Qa1 32. Qc4 Qc3 33. Qe4 Qe1
34. Kg1 Rc8 35. f5 Rc1 36. Qd3 Rd1 37. Bd2 Bd4+ 0-1

[Event "XIII - WC Individual Men"]
[Site "Malente GER"]
[Date "2004.08.02"]
[Round "9.11"]
[White "Pushkarev G.P. (KAZ)"]
[Black "Gründer M. (GER)"]
[Result "1-0"]
[WhiteElo "1805"]
[BlackElo "1805"]
[PlyCount "71"]
[EventDate "2004.??.??"]
[EventType "swiss"]
[EventRounds "11"]
[EventCountry "GER"]

1. d4 g6 2. c4 Bg7 3. e4 d6 4. Nc3 Nc6 5. Be3 e5 6. Nge2 Nh6 7. d5 Ne7 8. Qc1
Ng4 9. Bd2 f5 10. f3 Nf6 11. Bh6 O-O 12. Bxg7 Kxg7 13. Ng3 fxe4 14. Ngxe4 c6
15. Qd2 cxd5 16. cxd5 Nf5 17. O-O-O Nd4 18. Kb1 Bf5 19. Bd3 Bxe4 20. Bxe4 b5
21. Rhe1 Rc8 22. Rc1 Rf7 23. Ne2 Nxe2 24. Qxe2 a6 25. Rxc8 Qxc8 26. Rc1 Rc7 27.
Rxc7+ Qxc7 28. Qc2 Qxc2+ 29. Kxc2 Kf7 30. Kb3 a5 31. a4 Nd7 32. axb5 Nc5+ 33.
Kc4 Ke7 34. b6 Kd7 35. Kb5 a4 36. Bc2 1-0

[Event "XIII - WC Individual Men"]
[Site "Malente GER"]
[Date "2004.08.02"]
[Round "9.11"]
[White "Checiak K. (POL)"]
[Black "Tikhonov A. (RUS)"]
[Result "0-1"]
[WhiteElo "2117"]
[BlackElo "1910"]
[PlyCount "61"]
[EventDate "2004.??.??"]
[EventType "swiss"]
[EventRounds "11"]
[EventCountry "GER"]

1. c4 e5 2. g3 Nc6 3. Bg2 Nf6 4. Nc3 Be7 5. d3 O-O 6. Rb1 a5 7. a3 h6 8. e3 Re8
9. Nge2 Bf8 10. O-O Ne7 11. Nd5 Nexd5 12. cxd5 d6 13. b4 axb4 14. axb4 Bd7 15.
Nc3 b5 16. Bb2 Qb8 17. Qb3 Qb6 18. Ra1 Bf5 19. Ne2 Ng4 20. Rxa8 Rxa8 21. Nc1
Be7 22. Qc3 Bd7 23. Nb3 Bg5 24. Bc1 Ra2 25. d4 exd4 26. Nxd4 Bf6 27. Qb3 Qa6
28. Nc6 Qa4 29. Qb1 Ne5 30. Bb2 Rxb2 31. f3 0-1

[Event "XIII - WC Individual Men"]
[Site "Malente GER"]
[Date "2004.08.02"]
[Round "9.11"]
[White "Stoklasa J. (CZE)"]
[Black "Smatoc M. (ROU)"]
[Result "1/2-1/2"]
[WhiteElo "1805"]
[BlackElo "2090"]
[PlyCount "64"]
[EventDate "2004.??.??"]
[EventType "swiss"]
[EventRounds "11"]
[EventCountry "GER"]

1. e4 c5 2. Nf3 d6 3. d4 cxd4 4. Nxd4 Nf6 5. Nc3 a6 6. Bc4 e6 7. Bb3 Be7 8. Be3
Qc7 9. f4 b5 10. a3 Bb7 11. Qf3 Nc6 12. O-O O-O 13. Rad1 Kh8 14. f5 e5 15. Nde2
Na5 16. Ba2 Nc4 17. Bc1 Rad8 18. Ng3 d5 19. Nxd5 Bxd5 20. exd5 Qc5+ 21. Kh1
Rxd5 22. Rxd5 Qxd5 23. Qxd5 Nxd5 24. Bxc4 bxc4 25. Rd1 Rd8 26. Ne4 f6 27. Kg1
g6 28. g4 Kg7 29. Kf2 h5 30. h3 hxg4 31. hxg4 Kf7 32. Kf3 g5 1/2-1/2

[Event "XIII - WC Individual Men"]
[Site "Malente GER"]
[Date "2004.08.02"]
[Round "9.11"]
[White "Guy D. (WLS)"]
[Black "Màtè B. (HUN)"]
[Result "0-1"]
[WhiteElo "2010"]
[BlackElo "2182"]
[PlyCount "70"]
[EventDate "2004.??.??"]
[EventType "swiss"]
[EventRounds "11"]
[EventCountry "GER"]

1. e4 c6 2. d4 d5 3. e5 Bf5 4. Nf3 e6 5. a3 a5 6. Nbd2 b5 7. a4 b4 8. c4 bxc3
9. bxc3 Nd7 10. Be2 Be7 11. O-O f6 12. Re1 fxe5 13. dxe5 c5 14. Bb5 Nh6 15. Nb3
O-O 16. Bxh6 gxh6 17. c4 Nb6 18. Nbd2 Qc7 19. Qb3 Kh8 20. Qe3 Kg7 21. Qb3 Bg6
22. Ra2 Rf4 23. g3 Rf7 24. cxd5 Nxd5 25. Nc4 Raf8 26. Nfd2 Nb4 27. f4 Nxa2 28.
Qxa2 Bf5 29. Ne4 Bxe4 30. Rxe4 Qb7 31. Re2 Qc7 32. Nd6 Bxd6 33. exd6 Qxd6 34.
Rxe6 Qd1+ 35. Kg2 Rd8 0-1

[Event "XIII - WC Individual Men"]
[Site "Malente GER"]
[Date "2004.08.02"]
[Round "9.11"]
[White "Wagner P. (SUI)"]
[Black "Gardner P.K. (ENG)"]
[Result "1/2-1/2"]
[WhiteElo "1810"]
[BlackElo "1830"]
[PlyCount "53"]
[EventDate "2004.??.??"]
[EventType "swiss"]
[EventRounds "11"]
[EventCountry "GER"]

1. e4 c5 2. Nf3 d6 3. d4 cxd4 4. Nxd4 Nf6 5. Nc3 a6 6. Bc4 e6 7. O-O Be7 8. Be3
b5 9. Be2 e5 10. Nb3 O-O 11. f3 Nbd7 12. Nd5 Nxd5 13. Qxd5 Rb8 14. Qd2 Nb6 15.
Na5 Qc7 16. b3 Be6 17. c4 b4 18. a3 bxa3 19. Rfc1 Rfc8 20. b4 Nd7 21. b5 axb5
22. cxb5 Nc5 23. Rxa3 Bd7 24. Rb1 Rb6 25. Ra2 Rcb8 26. Rab2 Kf8 27. Kf2 1/2-1/2

[Event "XIII - WC Individual Men"]
[Site "Malente GER"]
[Date "2004.08.02"]
[Round "9.11"]
[White "Peshev T. (BUL)"]
[Black "Frajka P. (SVK) "]
[Result "1-0"]
[WhiteElo "1840"]
[BlackElo "1805"]
[PlyCount "151"]
[EventDate "2004.??.??"]
[EventType "swiss"]
[EventRounds "11"]
[EventCountry "GER"]

1. e4 e5 2. Nf3 Nc6 3. d4 exd4 4. Nxd4 Nf6 5. f3 Nxd4 6. Qxd4 d6 7. Be3 Be7 8.
Nc3 a6 9. Be2 O-O 10. O-O Nd7 11. Qd2 Bf6 12. Rab1 g6 13. Nd5 Bg7 14. c3 f5 15.
Bc4 Kh8 16. Bd4 Ne5 17. Bb3 c5 18. Be3 Nf7 19. Bc2 fxe4 20. Bxe4 Be6 21. b3 Rb8
22. f4 Bxd5 23. Bxd5 Nh6 24. h3 Nf5 25. Bf2 b5 26. Rbe1 Qa5 27. Rc1 Rbd8 28.
Rfe1 Qc7 29. g4 Ne7 30. Bg2 Nc8 31. Bg3 Rde8 32. Kh2 Re7 33. Rxe7 Qxe7 34. Re1
Qd7 35. Qe3 a5 36. Qd3 b4 37. c4 Bd4 38. Qe4 Bc3 39. Re2 Bg7 40. Bf3 Bd4 41. h4
Bg7 42. Qd5 a4 43. Re6 axb3 44. axb3 Rf6 45. Re2 Rf7 46. Kg2 Rf8 47. g5 Ne7 48.
Qe6 Qxe6 49. Rxe6 Nf5 50. Bf2 Rf7 51. h5 Re7 52. Rxe7 Nxe7 53. Kh3 Kg8 54. Kg4
Kf7 55. Be4 Ke6 56. Bg2 Bc3 57. Kf3 Bb2 58. Ke4 Bc1 59. Bh3+ Kf7 60. Bg4 Bd2
61. Bh4 Bc1 62. f5 gxf5+ 63. Bxf5 Nxf5 64. Kxf5 Bb2 65. Bg3 Ke7 66. Bf4 Bc3 67.
g6 hxg6+ 68. hxg6 Bg7 69. Bg5+ Kf8 70. Ke6 Be5 71. Be7+ Kg7 72. Bxd6 Bc3 73.
Bxc5 Kxg6 74. Be7 Be1 75. c5 Bg3 76. Bd6 1-0

[Event "XIII - WC Individual Men"]
[Site "Malente GER"]
[Date "2004.08.02"]
[Round "9.11"]
[White "Patackas J.P. (LTU)"]
[Black "Kluss E. (LAT)"]
[Result "1-0"]
[WhiteElo "1830"]
[BlackElo "1805"]
[PlyCount "50"]
[EventDate "2004.??.??"]
[EventType "swiss"]
[EventRounds "11"]
[EventCountry "GER"]

1. e4 c5 2. Nf3 d6 3. d4 cxd4 4. Nxd4 Nc6 5. Nc3 a6 6. Bc4 Nf6 7. Nxc6 bxc6 8.
e5 Ng4 9. e6 Ne5 10. exf7+ Nxf7 11. Bxf7+ Kxf7 12. Qf3+ Kg8 13. Qxc6 Bd7 14.
Qc4+ e6 15. O-O Qf6 16. Re1 Be7 17. Be3 h5 18. Rad1 h4 19. h3 Qg6 20. Ne2 d5
21. Nf4 Qf5 22. Qd3 Qf7 23. c4 g5 24. Ng6 Rh7 25. Ne5 Bf6 1-0

[Event "XIII - WC Individual Men"]
[Site "Malente GER"]
[Date "2004.08.02"]
[Round "9.11"]
[White "Carmichael I. (SCO)"]
[Black "Simoes J.W. (POR)"]
[Result "1/2-1/2"]
[WhiteElo "1805"]
[BlackElo "2048"]
[PlyCount "55"]
[EventDate "2004.??.??"]
[EventType "swiss"]
[EventRounds "11"]
[EventCountry "GER"]

1. f4 c5 2. e3 Nf6 3. d4 e6 4. Bd3 Nc6 5. c3 a6 6. Nf3 Be7 7. O-O Qc7 8. Qe1
cxd4 9. exd4 O-O 10. Ne5 d6 11. Nxc6 Qxc6 12. Nd2 g6 13. Ne4 Nxe4 14. Bxe4 d5
15. Bd3 Bf6 16. Qg3 Qc7 17. Bd2 Bd7 18. Rae1 Bg7 19. Bc1 Rae8 20. Re3 b5 21.
Re2 Qa5 22. b4 Qc7 23. Bb1 Rc8 24. Bd2 Qc4 25. Rfe1 Qc7 26. Qf3 f5 27. h4 h5
28. g3 1/2-1/2

[Event "XIII - WC Individual Men"]
[Site "Malente GER"]
[Date "2004.08.02"]
[Round "9.11"]
[White "Gardarsson H. (ISL)"]
[Black "Bairamov A. (TKM)"]
[Result "1-0"]
[WhiteElo "1984"]
[BlackElo "1805"]
[PlyCount "69"]
[EventDate "2004.??.??"]
[EventType "swiss"]
[EventRounds "11"]
[EventCountry "GER"]

1. d4 Nf6 2. c4 b6 3. Nf3 Bb7 4. e3 e6 5. Bd3 Bb4+ 6. Bd2 Be7 7. Nc3 d6 8. O-O
Nbd7 9. e4 e5 10. d5 a5 11. a3 O-O 12. Bc2 Ba6 13. Qe2 Re8 14. h3 Nf8 15. Ba4
N6d7 16. Bc6 Rb8 17. b4 axb4 18. axb4 Bb7 19. Ra7 Bxc6 20. dxc6 Nf6 21. Bg5 Ra8
22. Rfa1 Rxa7 23. Rxa7 Ne6 24. Bxf6 Bxf6 25. Nd5 Nf4 26. Nxf6+ gxf6 27. Qa2 Qe7
28. Nh4 Qd8 29. Nf5 Ne6 30. Qe2 Kh8 31. Qh5 Rf8 32. g3 Qb8 33. Rb7 Qe8 34. Qh6
Qxc6 35. Qxf6+ 1-0

[Event "XIII - WC Individual Men"]
[Site "Malente GER"]
[Date "2004.08.03"]
[Round "10.11"]
[White "Georgiev V. (BUL)"]
[Black "Kovalenko V.N. (UKR)"]
[Result "1-0"]
[WhiteElo "2332"]
[BlackElo "2263"]
[PlyCount "79"]
[EventDate "2004.??.??"]
[EventType "swiss"]
[EventRounds "11"]
[EventCountry "GER"]

1. e4 c5 2. Nf3 Nc6 3. d4 cxd4 4. Nxd4 g6 5. Nc3 Bg7 6. Be3 Nf6 7. Bc4 Qa5 8.
O-O d6 9. Nb3 Qc7 10. Be2 O-O 11. f4 Be6 12. f5 Bxb3 13. axb3 Ne5 14. g4 h6 15.
Ra4 a6 16. h4 d5 17. g5 Nd3 18. e5 Qxe5 19. Rf3 Nxb2 20. Qd4 Ng4 21. Qxg4 Qxc3
22. f6 exf6 23. gxf6 Rfe8 24. Bf2 Qxc2 25. fxg7 Qc1+ 26. Bf1 Nxa4 27. Qd7 f5
28. Qxd5+ Kh7 29. g8=Q+ Rxg8 30. Qxb7+ Rg7 31. Qxa8 Nc3 32. Qxa6 Ne4 33. Qc4
Qb1 34. Qd3 Qa2 35. Qe2 Qb1 36. Bd4 Rd7 37. Rd3 Rb7 38. Qf3 h5 39. Qf4 Qe1 40.
Qe5 1-0

[Event "XIII - WC Individual Men"]
[Site "Malente GER"]
[Date "2004.08.03"]
[Round "10.11"]
[White "Hoffmann R. (GER)"]
[Black "Salov S. (RUS)"]
[Result "1-0"]
[WhiteElo "2139"]
[BlackElo "2291"]
[PlyCount "69"]
[EventDate "2004.??.??"]
[EventType "swiss"]
[EventRounds "11"]
[EventCountry "GER"]

1. d4 Nf6 2. c4 c5 3. d5 b5 4. cxb5 a6 5. bxa6 g6 6. Nc3 Bxa6 7. g3 d6 8. Bg2
Bg7 9. Nf3 Nbd7 10. Rb1 O-O 11. O-O Ra7 12. b3 Qa8 13. a4 Rb8 14. h3 Nb6 15.
Nh4 Rab7 16. Bd2 Ne8 17. Re1 Nd7 18. Qc2 c4 19. bxc4 Bxc4 20. Rxb7 Rxb7 21. Rb1
Nc5 22. Rxb7 Qxb7 23. Ne4 Qb3 24. Qxb3 Nxb3 25. Bb4 Nc7 26. Nd2 Nxd5 27. Nxc4
Nxb4 28. e3 d5 29. Nb6 e6 30. Nf3 Kf8 31. Bf1 Ke7 32. Bb5 Kd6 33. Ng5 f6 34.
Nc8+ Ke5 35. f4+ {Diagramm #} 1-0

[Event "XIII - WC Individual Men"]
[Site "Malente GER"]
[Date "2004.08.03"]
[Round "10.11"]
[White "Anarkulov A. (UZB)"]
[Black "Nauryzgaliev A. (KAZ)"]
[Result "1/2-1/2"]
[WhiteElo "2166"]
[BlackElo "2060"]
[PlyCount "104"]
[EventDate "2004.??.??"]
[EventType "swiss"]
[EventRounds "11"]
[EventCountry "GER"]

1. e4 c5 2. Nf3 e6 3. d3 d5 4. Nbd2 Nf6 5. g3 b6 6. Bg2 Bb7 7. e5 Nfd7 8. O-O
Nc6 9. Re1 Qc7 10. Qe2 Be7 11. c3 Ba6 12. Nf1 O-O 13. Bf4 Rac8 14. h4 b5 15.
N1h2 b4 16. Ng4 Qa5 17. Rec1 bxc3 18. bxc3 Rb8 19. Ng5 h5 20. Nh2 g6 21. Ngf3
Rb6 22. g4 hxg4 23. Nxg4 Qa3 24. h5 Rb2 25. Qe3 gxh5 26. Nh6+ Kg7 27. Bg5 Bxd3
28. Qxd3 Ndxe5 29. Qe3 Ng6 30. Bh3 d4 31. cxd4 Qxe3 32. Bxe3 Nxd4 33. Nxd4 cxd4
34. Bxd4+ Bf6 35. Be3 Be5 36. Rc5 Rb4 37. Rd1 Bf4 38. Rxh5 Bxe3 39. fxe3 Rh8
40. Bxe6 Rxh6 41. Rxh6 Kxh6 42. Bxf7 Ne5 43. Bb3 Ng4 44. Rd3 Re4 45. Rd7 Rxe3
46. Rxa7 Kg5 47. Kg2 Re2+ 48. Kf1 Rb2 49. Ke1 Ne3 50. Rh7 Ng4 51. Be6 Nf6 52.
a4 Rb4 1/2-1/2